Statistics for Most Popular Halloween Candy

Click here to take the quiz!

General Stats

  • This quiz has been taken 85 times
  • The average score is 5 of 10

Answer Stats

HintAnswer% Correct
taste the rainbowSkittles
98%
taste the rainbow chocolate editonM&M's
73%
a type of laughSnickers
70%
sweet squaresStarburst
57%
they make you puckerSour Patch Kids
55%
a halloween classisCandy Corn
50%
they have a kick!Hot Tamales
23%
let me give you a big....Hershey Kisses
20%
common allergy...Reese's Cups
18%
2 candies in one!Tootsie Pops
3%

Score Distribution

Percentile by Number Answered

Percent of People with Each Score

Your Score History

You have not taken this quiz